| 000 | 00818nam a22002657a 4500 | ||
|---|---|---|---|
| 003 | CHAP | ||
| 005 | 20220329134811.0 | ||
| 008 | 971013s1968 r 10010 d | ||
| 010 | _a26168 | ||
| 011 | _a27140 | ||
| 035 | _a31241 | ||
| 040 | _cCHAP | ||
| 082 |
_a635.93355 _bI5 1968 |
||
| 111 | 0 | 0 |
_aInternational Sunflower Conference ( _n3 _d: 1968 _c: Crookston, Minn.) _959854 |
| 245 | _aProceedings | ||
| 260 |
_aCrookston, Minn. : _bUniversity of Minnesota, _c1968 |
||
| 300 |
_a139 p. _b; apénd. |
||
| 590 |
_aBATCH-UPD _b10 _c20130109 _lUCH01 _h2317 |
||
| 590 |
_aBATCH-UPD _b10 _c20130110 _lUCH01 _h2215 |
||
| 590 |
_aCONVERSION _b10 _c20130109 _lUCH01 _h1315 |
||
| 650 | 1 | 4 |
_aGirasol. _948126 |
| 901 | _aBK | ||
| 942 | _cLIBRO | ||
| 949 |
_a635.93355 I5 1968 _bBC _cLIBRO _d33724000254454 _eLIBRO _h33067 _i31241 _mD _si |
||
| 999 |
_c26168 _d26168 |
||